000 01339cam a2200217 4500
001 ##L133199
008 060420n2006 000 0 eng u
035 _a(Sirsi) u133199
041 0 _aeng
050 0 4 _a333.73 $2 18
100 1 _aDixon, Tim
245 0 4 _aThe role of the UK development industry in brownfield regeneration
_bstage 2: volume 3 (of 3): case studies (Thames Gateway and Greater Manchester): summary
260 _aOxford
_bOxford Brookes University
_c2006
520 _aExamines six case studies of sites drawn from the Thames Gateway and Greater Manchester sub-regions illustrating a broad spectrum of brownfield regeneration issues. Principal findings include: infrastructure, density and affordability rather than contamination are the main challenges for brownfield regeneration in these areas, government and related agencies must ensure that infrastructure is in place before development takes place, and planning delays and bureaucracy. Advocates a greater role for the public sector in brownfield development.
590 _aIKA250406
690 _aPROPERTY-PROPERTY MANAGEMENT-REGENERATION
700 1 _aPocock, Yasmin
700 1 _aWaters, Mike
856 4 0 _uhttps://www.brookes.ac.uk/schools/be/pressreleases/media/NR1606Brownfield.pdf
_zView the item free of charge at www.brookes.ac.uk
942 _n0
999 _c105352
_d105352